| 000 | 02306cam a2200625 a 4500 | ||
|---|---|---|---|
| 001 | 20173 | ||
| 003 | VRT | ||
| 005 | 20260119095927.0 | ||
| 008 | 240226s1989 xo oa gr 000 0 slo | ||
| 015 | _aSNBA1989/04 | ||
| 020 |
_a8070960000 _q(viazané) |
||
| 035 | _aSNK000023454 | ||
| 035 | _aB15A2C64-FE29-4585-BA30-66863D2DBB6A | ||
| 035 | _aurn:nbn:sk:snk-am00ih41 | ||
| 039 | 9 |
_a202402261907 _bVLOAD _c202311201345 _dVLOAD _c202305011803 _dVLOAD _c202304281403 _dVLOAD |
|
| 040 |
_aSNK _bslo _cSNK _eAACR2 |
||
| 041 | 0 | _aslo | |
| 044 |
_axo _cSK |
||
| 072 | 7 |
_a796 _xŠport. Hry. Telesné cvičenia _2konspekt |
|
| 080 |
_a796.932.2(084.12) _21981 |
||
| 080 |
_a796.032.2 _22011 |
||
| 080 |
_a(048.8) _22011 |
||
| 080 |
_a796.9 _22011 |
||
| 080 |
_a796.015.8 _22011 |
||
| 080 |
_a(084.12) _22011 |
||
| 080 |
_a796.032.2:796/799 _22001 |
||
| 100 | 1 |
_aMráz, Igor, _d1929-2016 _4aut _4pht |
|
| 245 | 1 | 0 |
_aCalgary 88 _bXV. zimné olympijské hry _cIgor Mráz ; [fotografie Peter Pospíšil a autor] |
| 246 | 3 | 0 | _aXV. zimné olympijské hry |
| 246 | 3 | _aPätnáste zimné olympijské hry | |
| 250 | _a1. vyd. | ||
| 260 |
_aBratislava _bŠport _c1989 _eBanská Bystrica _fTlačiarne SNP |
||
| 300 |
_a167 strán, 72 nečíslovaných strán obrazových príloh _bfarebné fotografie, ilustrácie _c24 cm |
||
| 366 | _e17000 výtl. | ||
| 490 | 1 | _aFinále | |
| 500 | _aRozložená fotografia na titulnej strane | ||
| 611 | 2 | 7 |
_aZimné olympijské hry _n(15. : _d1988 : _cCalgary, Alberta) _2SNKKA |
| 650 | 0 | 7 |
_aolympijské hry _2SNKPH |
| 650 | 0 | 7 |
_azimné športy _2SNKPH |
| 650 | 0 | 7 |
_ašportové výkony _2SNKPH |
| 650 | 0 | 7 |
_aolympijské športy _2SNKPH |
| 655 | 7 |
_aprehľady _2SNKPH |
|
| 655 | 7 |
_afotografické publikácie _2SNKPH |
|
| 700 | 1 |
_aPospíšil, Peter, _d1944-2006 _4pht |
|
| 830 | 0 | _aFinále | |
| 910 | _asnk | ||
| 942 |
_2ddc _cOLDO _n0 |
||
| 949 |
_6273K0250072 _asvkpoB 57925 _bsvkpo354660 |
||
| 949 |
_617A0178977 _9P60, <04>, [BOOK], {604} _asnkSC 74023 D1 |
||
| 949 |
_617A0336819 _9snkZOH/88 796.032.2 _asnkSC 74023 D2 _bsnkKSP 3567/2002 |
||
| 949 |
_617A0964522 _asnkSC 74023 _bsnkKSP 1808/89 _s6100:20221010 |
||
| 949 |
_6270001000112588 _asvkbbB 22456 _bsvkbbm 528984 |
||
| 949 |
_6270001000105297 _asvkbbB 22456 _bsvkbbm 527936 |
||
| 999 |
_c20173 _d20173 |
||